00329nam a2200121Ia 4500008004100000041001200041082001600053100001600069245005600085260003900141300000800180650001900188221030s9999 xx 000 0 und d aEnglish a105.23bGup aR. K. Gupta 0aObjective Question Bank Mathematicscby R. K. Gupta bKrishna PrakashanaNew Delhic1995 a236 aBE Mathematics